000 00334nam a2200133Ia 4500
003 GCL
008 140319s9999 xx 000 0 ara d
040 _aGCL /
_cGCL
082 0 4 _a814.02
_bى م
100 1 _aناصيف اليازجى
245 1 0 _aمجمع البحرين /
_cناصيف اليازجى
300 _a334 ص
490 _a
999 _c37909
_d37909